Formula one Haas drivers sudden death - Statistics

General Stats
  • This quiz has been taken 135 times
  • The average score is 5 of 9
Answers on the Grid
Answers color-coded by a green-red scale on the quiz's grid according to % correct below.
Kevin Magnussen
Sergio Perez
Daniil Kvyat
Charles Leclerc
Esteban Ocon
Enzo Fittipaldi
Michael Schumacher
Nikita Mezpin
Ralf Schumacher
David Schumacher
Esteban Gutierrez
Sean Galeal
Sebastian Vettel
Nico Hulkenberg
Logan Sargeant
Marcus Ericsson
Kimi Raikkonen
Felipe Nasr
Heikki Kovalainen
Antonio Giovinazzi
Valtteri Bottas
Mick Schumacher
Pierre Gasly
Jolyon Palmer
Oliver Bearman
Timo Glock
Pietro Fittpaldi
Yuki Tsunoda
Kazuki Nakajima
Rio Hirakwa
Romain Grosjean
Gabriel Bortoleto
 
Answer Stats
Answer % Correct
Kevin Magnussen
96%
Esteban Ocon
71%
Nikita Mezpin
56%
Oliver Bearman
50%
Romain Grosjean
49%
Nico Hulkenberg
47%
Mick Schumacher
46%
Esteban Gutierrez
39%
Pietro Fittpaldi
26%
No matching quizzes found
Score Distribution
Percent of People with Each Score
Percentile by Number Answered
Your Score History
You have not taken this quiz